000 00279nam a22001097a 4500
082 _a330/GUP
100 _aGupta,Shivaji Das
_983749
245 _aMarketing That Works Building Breakthrough Brands in India
260 _aHaryana
_bPenguin
_c2026
650 _aEconomics
942 _cBK
999 _c68709
_d68709